000
00310nam a2200133Ia 4500
100
_a
Parzen/Emanuel
942
_c
BK
654
_a
probability
245
_a
Modern probability theory and its application
260
_b
John wiley
_a
New York
_c
1960
082
_a
519.2
_b
CRA
300
_a
464
546
_a
ENGLISH
999
_c
35126
_d
35126